Представление документа в формате RUSMARC

ПолеНазваниеЗначение
  Тип записи a
  Библиографический уровень a
001 Контрольный номер RU/CBS_UL/BASE/dca511d690894995b43c2b1ea30b47b8
005 Дата корректировки 20230315142605.5
100 Данные общей обработки __
a Данные общей обработки 20230315 ||| 0rusy0189 ca
101 Язык документа 0_
a Язык текста rus
102 Страна публикации __
a Страна публикации RU
200 Заглавие и сведения об ответственности 1_
a Заглавие Круглое с квадратным
e Сведения, относящиеся к заглавию [что лучше: новый автомобиль Haval Dargo или подержанный Mitsubishi Outlander]
f Первые сведения об ответственности Ю. Тимкин
300 Общие примечания __
a Общие примечания 16+
461 Уровень набора _0
1 2000
a За рулем
463 Уровень физической единицы _0
1 2000
a № 10
v С. 34-39 : фото
1 2101
d 2022
1 001RU/CBS_UL/BASE/718468275
606 Тематические рубрики 0_
a Основная рубрика Haval "Dargo", легковые автомобили
606 Тематические рубрики 0_
a Основная рубрика Mitsubishi "Outlander", легковые автомобили
610 Ключевые слова 0_
a Ключевые слова автомобили
610 Ключевые слова 0_
a Ключевые слова легковые автомобили
610 Ключевые слова 0_
a Ключевые слова автомобили легковые
610 Ключевые слова 0_
a Ключевые слова тестирование автомобилей
610 Ключевые слова 0_
a Ключевые слова технические характеристики автомобиля Haval Dargo
610 Ключевые слова 0_
a Ключевые слова технические характеристики автомобиля Mitsubishi Outlander
610 Ключевые слова 0_
a Ключевые слова экспертные оценки автомобилей
610 Ключевые слова 0_
a Ключевые слова новые автомобили
610 Ключевые слова 0_
a Ключевые слова подержанные автомобили
610 Ключевые слова 0_
a Ключевые слова Haval Dargo (автомобили)
610 Ключевые слова 0_
a Ключевые слова Хавейл Дарго (автомобили)
610 Ключевые слова 0_
a Ключевые слова Mitsubishi Outlander (автомобили)
610 Ключевые слова 0_
a Ключевые слова Мицубиси Аутлендер (автомобили)
686 Индексы других классификаций __
2 Код системы rubbk
a Классификационный индекс 39.335.52
700 Автор _1
a Фамилия Тимкин
b Имя (инициалы) Ю.
801 Источник записи _0
a Страна RU
b Организация МБУК ЦБС г. Ульяновска
c Дата составления 20230315
g Правила каталогизации RCR
801 Источник записи _1
a Страна RU
b Организация МБУК ЦБС г. Ульяновска
c Дата составления 20230315
g Правила каталогизации RCR
901 Тип документа __
t Тип документа b
w Контрольный № источника RU/CBS_UL/BASE/718468275